Politik bahasa nasional, (Record no. 85246)

MARC details
000 -LEADER
fixed length control field 00803cam a22002411 4500
001 - CONTROL NUMBER
control field sa 68013669
003 - CONTROL NUMBER IDENTIFIER
control field DLC
005 - DATE AND TIME OF LATEST TRANSACTION
control field 20260227112623.0
008 - FIXED-LENGTH DATA ELEMENTS--GENERAL INFORMATION
fixed length control field 930729s1966 io 000 0 ind
010 ## - LIBRARY OF CONGRESS CONTROL NUMBER
LC control number sa 68013669
025 ## - OVERSEAS ACQUISITION NUMBER
Overseas acquisition number PL480:Indo-4276
035 ## - SYSTEM CONTROL NUMBER
System control number (OCoLC)28539092
040 ## - CATALOGING SOURCE
Original cataloging agency DLC
Transcribing agency CU
Modifying agency CU
-- DLC
050 00 - LIBRARY OF CONGRESS CALL NUMBER
Classification number DS625
Item number .S55 1966
100 1# - MAIN ENTRY--PERSONAL NAME
Personal name Muljana, Slamet,
Dates associated with a name 1922-1986.
245 10 - TITLE STATEMENT
Title Politik bahasa nasional,
Statement of responsibility, etc. oleh Slametmuljana.
250 ## - EDITION STATEMENT
Edition statement [Tjet. 2.
260 ## - PUBLICATION, DISTRIBUTION, ETC.
Place of publication, distribution, etc. Djakarta]
Name of publisher, distributor, etc. Djambatan
Date of publication, distribution, etc. [1966]
300 ## - PHYSICAL DESCRIPTION
Extent 52 p.
Dimensions 22 cm.
500 ## - GENERAL NOTE
General note "Pidato penerimaan djabatan guru besar dalam bahasa Indonesia pada Fakultas Sastra, Universitas Indonesia, diutjapkan pada tanggal 16 Mei 1959."
651 #0 - SUBJECT ADDED ENTRY--GEOGRAPHIC NAME
Geographic name Indonesia
General subdivision Languages.
650 #0 - SUBJECT ADDED ENTRY--TOPICAL TERM
Topical term or geographic name entry element Language and languages
General subdivision Political aspects.

No items available.

Powered by Koha